Countries Bigger than Canada - Statistics

General Stats
  • This quiz has been taken 70 times
    9 since last reset
  • The average score is 25 of 37
Answer Stats
Population Country Continent % Correct
211 million Brazil South America
100%
1.425 billion China Asia
100%
1.438 billion India Asia
100%
281 million Indonesia Asia
100%
145 million Russia Europe/Asia
100%
343 million United States North America
100%
171 million Bangladesh Asia
88%
124 million Japan Asia
88%
129 million Mexico North America
88%
227 million Nigeria Africa
88%
247 million Pakistan Asia
88%
45 million Argentina South America
75%
52 million Colombia South America
75%
128 million Ethiopia Africa
75%
66 million France Europe
75%
84 million Germany Europe
75%
47 million Spain Europe
75%
87 million Turkey Asia/Europe
75%
68 million United Kingdom Europe
75%
105 million D.R. Congo Africa
63%
114 million Egypt Africa
63%
90 million Iran Asia
63%
59 million Italy Europe
63%
114 million Philippines Asia
63%
100 million Vietnam Asia
63%
41 million Afghanistan Asia
50%
45 million Iraq Asia
50%
55 million Kenya Africa
50%
51 million South Korea Asia
50%
66 million Tanzania Africa
50%
71 million Thailand Asia
50%
48 million Uganda Africa
50%
54 million Myanmar Asia
38%
63 million South Africa Africa
38%
50 million Sudan Africa
38%
46 million Algeria Africa
25%
39 million Yemen Asia
25%
No matching quizzes found
Score Distribution
Percent of People with Each Score
Percentile by Number Answered
Your Score History
You have not taken this quiz since the last reset